<?xml version="1.0" encoding="UTF-8"?>
<marc:record xmlns:marc="http://www.loc.gov/MARC21/slim">
   <marc:leader>00000nam a2200000 a 4500</marc:leader>
   <marc:datafield ind1="1" ind2=" " tag="100">
      <marc:subfield code="a">Schönburg, Alexander von</marc:subfield>
      <marc:subfield code="4">aut</marc:subfield>
      <marc:subfield code="e">Verfasser/-in</marc:subfield>
   </marc:datafield>
   <marc:datafield ind1=" " ind2=" " tag="653">
      <marc:subfield code="a">Weltgeschichte</marc:subfield>
   </marc:datafield>
   <marc:datafield ind1="0" ind2="0" tag="245">
      <marc:subfield code="a">Weltgeschichte to go</marc:subfield>
   </marc:datafield>
   <marc:datafield ind1="0" ind2="0" tag="245">
      <marc:subfield code="c">Alexander von Schönburg</marc:subfield>
   </marc:datafield>
   <marc:datafield ind1=" " ind2="1" tag="264">
      <marc:subfield code="a">Berlin</marc:subfield>
      <marc:subfield code="b">Rowohlt Berlin</marc:subfield>
      <marc:subfield code="c">2016</marc:subfield>
   </marc:datafield>
   <marc:datafield ind1=" " ind2=" " tag="250">
      <marc:subfield code="a">2. Aufl.</marc:subfield>
   </marc:datafield>
   <marc:datafield ind1="1" ind2=" " tag="520">
      <marc:subfield code="a">Eigentlich geht das gar nicht: die ganze Weltgeschichte auf 280 Seiten zu erzählen. Aber Alexander von Schönburg kann&#x92;s, und er tut es so elegant und leichtfüßig, dass man plötzlich süchtig wird nach Geschichte.#Er nimmt uns mit auf die Reise zu den wichtigsten Städten der Menschheit, von Babylon über Berlin bis New York. Die größten Helden werden benannt und die schlimmsten Schurken. Schönburg erzählt von Kunstwerken, Erfindungen und Ideen der Menschheit, vom Faustkeil bis zum Selfiestick. Zu Beginn, gleichsam zum Warmlaufen, fasst er über zwei Millionen Jahre Menschheitsgeschichte auf zehn Seiten zusammen, geleitet von der Frage: Wie hat es eine eher unbedeutende Affenspezies &#x96; in der Nahrungskette irgendwo zwischen Schaf und Löwe &#x96; geschafft, sich die Erde untertan zu machen?#Überraschende Durchblicke quer durch das Dickicht der Jahrtausende, pointierte Anekdoten und Porträts (was verbindet Wladimir Putin und Karl den Großen?) und verblüffende Einsichten machen das Buch zu einem Leseerlebnis und zu einem echten Schönburg. Was er Ihnen über Geschichte nicht erzählt, werden Sie nicht vermissen.</marc:subfield>
   </marc:datafield>
   <marc:datafield ind1=" " ind2=" " tag="020">
      <marc:subfield code="a">9783871348280</marc:subfield>
      <marc:subfield code="9">9783871348280</marc:subfield>
   </marc:datafield>
   <marc:datafield ind1=" " ind2=" " tag="041">
      <marc:subfield code="a">ger</marc:subfield>
   </marc:datafield>
   <marc:datafield ind1=" " ind2=" " tag="300">
      <marc:subfield code="a">284</marc:subfield>
   </marc:datafield>
</marc:record>
